LEADER 01445nam2-2200421---450 001 990005647460203316 005 20210825091706.0 035 $a000564746 035 $aUSA01000564746 035 $a(ALEPH)000564746USA01 035 $a000564746 100 $a20040607d1973----|||y0itaa50------ba 101 $aita 102 $ait 105 $a0 00||| 200 1 $a<<4.: >> Apprendimento e memoria$fdi Jean-François Le Ny, Gérard de Montpellier, Geneviève Oléron e César Florès 210 $aTorino$cEinaudi$dcopyr 1973 215 $aXIV, 485 p.$d22 cm. 300 $aTrad. di: Apprentissage et mémoir. 454 $1001SA0010545$12001$aMemoir et apprentissage$fJean-François Le Ny, Gérard de Montpellier, Geneviève Oléron, César Florès.$960416 461 0$1001000563166$12001$aTrattato di psicologia sperimentale$v4 606 $aApprendimento$2F 620 $dTORINO 676 $a153.1 702 1$aLE_NY,$bJean-François 702 1$aMONTPELLIER,$bGérard : de 702 1$aOLÉRON,$bGeneviève 702 1$aFLORÈS,$bCésar 801 0$aIT$bSA$c20111219 912 $a990005647460203316 950 0$aDipar.to di Filosofia - Salerno$dDFFDC TRAPS 4$e5639 FIL 951 $aXV.18.A. 1240 4 (FDC TRAPS 4)$b5639 FIL$cXV.18.A$d481667 959 $aBK 969 $aFDECI 979 $c20121027$lUSA01$h1525 979 $c20121027$lUSA01$h1614 996 $aMemoir et apprentissage$960416 997 $aUNISA LEADER 00996cam0-2200361---450 001 990005664620403321 005 20240115144951.0 035 $a(Aleph)000566462FED01 100 $a19990604d1979----km-y0itay50------ba 101 1 $aita$cfre 102 $aIT 105 $ay-------001yy 200 1 $a<>scambio simbolico e la morte$fJean Baudrillard 210 $aMilano$cFeltrinelli$dc1979 215 $a255 p.$d23 cm 225 1 $a<>fatti e le idee$v439 225 1 $aAntropologia 610 0 $aSimboli 610 0 $aMorte 676 $a302.2$v21$zita 676 $a306.9$v21$zita 700 1$aBaudrillard,$bJean$f<1929-2007>$035505 801 0$aIT$bUNINA$gRICA$2UNIMARC 901 $aBK 912 $a990005664620403321 952 $a306.9 BAU 1$bIST.ST.FIL. 7222$fFLFBC 952 $aCOLLEZ. 89 (439)$b16237$fFSPBC 952 $aDIC / BAU 1$fBFS 959 $aFLFBC 959 $aFSPBC 959 $aBFS 996 $aScambio simbolico e la morte$9600466 997 $aUNINA